| 000 | 00507nam a2200169 4500 | ||
|---|---|---|---|
| 001 | 139831 | ||
| 003 | ES-MaACL | ||
| 005 | 20230906195923.0 | ||
| 007 | t| | ||
| 008 | 070214q1920 sp r ||||1| spa d | ||
| 100 | 1 |
_aSchnitzler, Arthur. _9104593 |
|
| 245 | 1 | 3 |
_aLa flauta pastoril _b: novelas / _cArthur Schnitzler ; versión de Berta Halpern. |
| 260 |
_aMadrid : _b[s.n.], _c[1920?] ( _fImp. Helénica) |
||
| 300 |
_a197 p. ; _c17 cm. |
||
| 700 | 1 |
_aHalpern, Berta. _961620 |
|
| 852 |
_aES-MaACL _jF-11286 |
||
| 999 |
_c139831 _d139831 |
||